Statistiken für Deutsche Lieder nach Buchstabe - A

Klicken Sie hier um das Quiz zu spielen!

Allgemein

  • Dieses Quiz wurde 354 mal gespielt
  • Das Durchschnittsergebnis liegt bei 9 aus 18

Antwortstatistiken

TitelInterpret% Korrekt
Atemlos durch die NachtHelene Fischer
93%
Au RevoirMark Forster & Sido
83%
Auf unsAndreas Bourani
82%
Alles nur geklautDie Prinzen
81%
AbenteuerlandPur
78%
Applaus, ApplausSportfreunde Stiller
77%
Anton aus TirolAnton feat. DJ Ötzi
72%
AstronautSido feat. Andreas Bourani
72%
AugenblingSeeed
56%
AmerikaRammstein
50%
An guten TagenJohannes Oerding
42%
Am Tag, als Conny Kramer starbJuliane Werding
31%
AutobahnKraftwerk
29%
Alt wie ein BaumPuhdys
23%
Am FensterCity
20%
Adios AmorAndy Borg
16%
Alles wird gutBushido
13%
Am Ende denk ich immer nur an dichElement of Crime
6%

Verteilung der Resultate

Perzentil nach korrekt beantworteten Fragen

Anzahl Personen mit jedem Resultat

Ihre Resultats-Entwicklung

Sie haben dieses Quiz noch nicht gespielt